Miesto spotrebných daní v systéme zdaňovania Európskej únie diplomová práca

Guardado en:
Detalles Bibliográficos
Autor principal: Lasabová, Veronika
Autor Corporativo: Národohospodárska fakulta EU. Katedra financií
Otros Autores: Válek, Juraj, 1981-
Formato: Libro
Lenguaje:eslovaco
Publicado: Bratislava 2014
Etiquetas: Agregar Etiqueta
Sin Etiquetas, Sea el primero en etiquetar este registro!

MARC

LEADER 00000nbm a2200000 4500
001 0187270
005 20170201085456.0
041 0 |a slo 
044 |a SK 
245 1 0 |a Miesto spotrebných daní v systéme zdaňovania Európskej únie  |b diplomová práca  |c Veronika Lasabová ; školiteľ: Juraj Válek 
264 1 |a Bratislava  |c 2014 
300 |a 59 s. 
100 1 |a Lasabová, Veronika 
700 1 |a Válek, Juraj, 1981- 
710 2 |a Národohospodárska fakulta EU. Katedra financií